[Event "SUI-chT"]
[Site "Switzerland"]
[Date "2019.09.08"]
[Round "7.8"]
[White "Fend, Juergen"]
[Black "Sermier, Alain"]
[Result "1/2-1/2"]
[WhiteElo "2288"]
[BlackElo "2081"]
[PlyCount "65"]
[EventDate "2019.03.10"]
[EventType "team-tourn"]
[EventRounds "9"]
[EventCountry "SUI"]
[SourceTitle "EXT 2020"]
[Source "ChessBase"]
[SourceDate "2019.10.17"]
[SourceVersion "1"]
[SourceVersionDate "2019.10.17"]
[SourceQuality "1"]
[WhiteTeam "Wollishofen"]
[BlackTeam "Nyon"]
[WhiteTeamCountry "SUI"]
[BlackTeamCountry "SUI"]

1. Nf3 d5 2. g3 c6 3. Bg2 Nd7 4. d3 Ngf6 5. 0-0 e6 6. b3 Be7 7. Bb2 0-0 8. Nbd2 a6 9. e4 b5 10. Qe2 Bb7 11. a4 Qb6 12. e5 Ne8 13. h4 g6 14. Nh2 h5 15. Ndf3 Ng7 16. Bc1 Nf5 17. Bf4 c5 18. Rfe1 Rfc8 19. Bg5 Qd8 20. Bxe7 Qxe7 21. Ng5 Nf8 22. Nf1 Nh7 23. Nf3 Qc7 24. N1d2 b4 25. Rac1 Qa5 26. Bh3 Re8 27. Bg2 Rac8 28. Red1 Qb6 29. Kh2 a5 30. Ng5 Nxg5 31. hxg5 Kg7 32. Nf3 Rc7 33. Nh4 1/2-1/2

[Event "FRA-chT2 East 0809"]
[Site "France"]
[Date "2009.04.04"]
[Round "10.2"]
[White "Staub, Ludovic"]
[Black "Sermier, Alain"]
[Result "1-0"]
[WhiteElo "2163"]
[BlackElo "2094"]
[PlyCount "93"]
[EventDate "2008.10.19"]
[EventType "tourn"]
[EventRounds "11"]
[EventCountry "FRA"]
[SourceTitle "EXT 2010"]
[Source "ChessBase"]
[SourceDate "2010.11.25"]
[SourceVersion "1"]
[SourceVersionDate "2010.11.25"]
[SourceQuality "1"]
[WhiteTeam "Mulhouse IV"]
[BlackTeam "Besancon TPG II"]
[WhiteTeamCountry "FRA"]
[BlackTeamCountry "FRA"]

1. d4 d5 2. c4 e6 3. Nc3 c6 4. Nf3 f5 5. Bf4 Nf6 6. e3 Be7 7. Bd3 0-0 8. 0-0 Ne4 9. Ne5 Nd7 10. f3 Nxe5 11. Bxe5 Nd6 12. b3 Nf7 13. Bg3 Bf6 14. Qc2 g6 15. Rad1 a6 16. a4 b6 17. Kh1 Bb7 18. b4 Rc8 19. c5 b5 20. Ne2 Qd7 21. e4 Rfe8 22. Bf2 Bg7 23. Rfe1 Bf6 24. axb5 axb5 25. Ra1 Ra8 26. Qb2 Ng5 27. Rxa8 Rxa8 28. e5 Bd8 29. Ra1 Rxa1+ 30. Qxa1 Nf7 31. Be3 Bc8 32. Nf4 Qb7 33. g4 Bg5 34. gxf5 Bxf4 35. Bxf4 exf5 36. Qa5 g5 37. Bxg5 Kg7 38. Bf6+ Kf8 39. Qa1 Be6 40. Qg1 Qa6 41. Bxf5 Bxf5 42. Qg7+ Ke8 43. Qg8+ Kd7 44. Qxf7+ Kc8 45. e6 Bh3 46. Qd7+ Kb8 47. Be5+ 1-0

[Event "FRA-chT2 East 0809"]
[Site "France"]
[Date "2009.01.18"]
[Round "6.1"]
[White "Anka, Emil"]
[Black "Sermier, Alain"]
[Result "1-0"]
[WhiteElo "2394"]
[BlackElo "2094"]
[PlyCount "69"]
[EventDate "2008.10.19"]
[EventType "tourn"]
[EventRounds "11"]
[EventCountry "FRA"]
[SourceTitle "EXT 2010"]
[Source "ChessBase"]
[SourceDate "2010.11.25"]
[SourceVersion "1"]
[SourceVersionDate "2010.11.25"]
[SourceQuality "1"]
[WhiteTeam "Mundolsheim"]
[BlackTeam "Besancon TPG II"]
[WhiteTeamCountry "FRA"]
[BlackTeamCountry "FRA"]

1. e4 e5 2. Nf3 Nc6 3. Bb5 a6 4. Ba4 d6 5. c3 Bd7 6. 0-0 h6 7. d4 Nge7 8. d5 Nb8 9. c4 Ng6 10. Nc3 Be7 11. Bd2 Bxa4 12. Qxa4+ Nd7 13. b4 0-0 14. Ne2 Nh4 15. Ne1 Ng6 16. Qc2 b6 17. a4 Bg5 18. Bc3 Nf4 19. Ng3 g6 20. Nf3 Kg7 21. a5 Bf6 22. Ra2 h5 23. Rfa1 Qc8 24. Nf1 h4 25. Ne3 Be7 26. axb6 cxb6 27. c5 b5 28. c6 Nf6 29. Nxe5 dxe5 30. Bxe5 Ne6 31. d6 Bxd6 32. Bxd6 Rd8 33. Be5 Nc7 34. Qc3 Nce8 35. Nd5 1-0

[Event "FRA-chT2 East 0809"]
[Site "France"]
[Date "2008.12.14"]
[Round "4.2"]
[White "Schmider, Bernd"]
[Black "Sermier, Alain"]
[Result "1/2-1/2"]
[WhiteElo "2189"]
[BlackElo "2094"]
[PlyCount "146"]
[EventDate "2008.10.19"]
[EventType "tourn"]
[EventRounds "11"]
[EventCountry "FRA"]
[SourceTitle "EXT 2010"]
[Source "ChessBase"]
[SourceDate "2010.11.25"]
[SourceVersion "1"]
[SourceVersionDate "2010.11.25"]
[SourceQuality "1"]
[WhiteTeam "Obernai"]
[BlackTeam "Besancon TPG II"]
[WhiteTeamCountry "FRA"]
[BlackTeamCountry "FRA"]

1. e4 e5 2. Nf3 Nc6 3. Bb5 a6 4. Ba4 d6 5. 0-0 Bd7 6. c3 h6 7. d4 Nge7 8. Nbd2 Ng6 9. Re1 Be7 10. Nf1 Bg5 11. Ng3 Bxc1 12. Rxc1 0-0 13. Nf5 Qe8 14. Bc2 Rd8 15. Bb1 Kh7 16. g3 Nge7 17. N3h4 g6 18. Ne3 f6 19. d5 Nb8 20. c4 g5 21. Nhf5 Bxf5 22. exf5 Nd7 23. b4 b6 24. Be4 h5 25. Kg2 Rh8 26. Rh1 Ra8 27. h4 g4 28. f3 gxf3+ 29. Qxf3 a5 30. a3 axb4 31. axb4 Qf7 32. Kh3 Ra3 33. Rhg1 Rg8 34. Ra1 Rga8 35. Rxa3 Rxa3 36. g4 hxg4+ 37. Rxg4 Qh5 38. Rg7+ Kxg7 39. Qxh5 Rxe3+ 40. Kg2 Rxe4 41. Qe8 Nxf5 42. Qxd7+ Kg6 43. Qxc7 Rxh4 44. c5 dxc5 45. bxc5 bxc5 46. d6 Nxd6 47. Qxd6 c4 48. Kf3 Rd4 49. Qe6 Rf4+ 50. Ke3 Rd4 51. Qg8+ Kf5 52. Qf7 Re4+ 53. Kd2 Rd4+ 54. Kc3 Rf4 55. Kb4 Rd4 56. Kc5 Kg5 57. Qh7 Rf4 58. Kd5 Kg4 59. Qh1 Kg3 60. Qe1+ Kf3 61. Ke6 Kg2 62. Qe3 Kh2 63. Qa7 Kg2 64. Qg7+ Kf2 65. Kd5 Ke3 66. Qg3+ Kd2 67. Qg2+ Kd3 68. Qg1 Kd2 69. Qg2+ Kd3 70. Kc5 c3 71. Qg3+ Kd2 72. Qg2+ Kc1 73. Qh1+ Kd2 1/2-1/2

[Event "FRA-chT2 East 0708"]
[Site "France"]
[Date "2007.11.25"]
[Round "3.5"]
[White "Staeger, Pascal"]
[Black "Sermier, Alain"]
[Result "1-0"]
[WhiteElo "2085"]
[BlackElo "2099"]
[PlyCount "107"]
[EventDate "2007.10.21"]
[EventType "team-tourn"]
[EventRounds "11"]
[EventCountry "FRA"]
[SourceTitle "EXT 2009"]
[Source "ChessBase"]
[SourceDate "2008.11.26"]
[SourceVersion "1"]
[SourceVersionDate "2008.11.26"]
[SourceQuality "1"]
[WhiteTeam "Metz Fischer II"]
[BlackTeam "Besancon TPG II"]
[WhiteTeamCountry "FRA"]
[BlackTeamCountry "FRA"]

1. e4 e5 2. Nf3 Nc6 3. c3 d5 4. Qa4 Bd7 5. exd5 Nd4 6. Qd1 Nxf3+ 7. Qxf3 Nf6 8. Bc4 e4 9. Qe2 Bd6 10. d4 0-0 11. Bg5 h6 12. Bh4 Re8 13. Nd2 b5 14. Bb3 g5 15. Bg3 e3 16. fxe3 Bxg3+ 17. hxg3 Ng4 18. e4 a5 19. 0-0-0 f6 20. Nf1 Kg7 21. Nh2 Qc8 22. Rdf1 Ra6 23. Nxg4 Bxg4 24. Qd3 Rb6 25. Bc2 Qd7 26. Rf2 Re7 27. Rhf1 a4 28. c4 bxc4 29. Qxc4 a3 30. b3 Rd6 31. Qd3 Rb6 32. e5 f5 33. Qc4 Qb5 34. Bd3 Qa5 35. Bxf5 Bh5 36. Qc5 Qxc5+ 37. dxc5 Rb5 38. Rc2 Rxe5 39. Bd7 Ra5 40. b4 Ra7 41. Bc6 Bf7 42. Rd2 Be8 43. Bxe8 Rxe8 44. Kc2 Rb7 45. Rb1 Re4 46. Kc3 Kf7 47. c6 Rb8 48. b5 Ke7 49. Rb4 Re5 50. b6 Kd6 51. b7 Rxd5 52. Rxd5+ Kxd5 53. Rc4 Rd8 54. Kb3 1-0

[Event "FRA-chT N1"]
[Site "France"]
[Date "2005.05.05"]
[Round "8.5"]
[White "Castaignet, Laurent"]
[Black "Sermier, Alain"]
[Result "1-0"]
[WhiteElo "2159"]
[BlackElo "2167"]
[PlyCount "117"]
[EventDate "2005.05.05"]
[EventType "team-tourn"]
[EventRounds "11"]
[EventCountry "FRA"]
[SourceTitle "EXT 2006"]
[Source "ChessBase"]
[SourceDate "2005.11.24"]
[SourceVersion "1"]
[SourceVersionDate "2005.11.24"]
[SourceQuality "1"]

1. e4 e5 2. Nc3 Bc5 3. Nf3 d6 4. Na4 Nd7 5. g3 Ngf6 6. d3 0-0 7. Bg2 c6 8. 0-0 Bb4 9. a3 Ba5 10. b4 Bc7 11. c4 a5 12. Bb2 Re8 13. Re1 Rb8 14. Qc2 b6 15. d4 Qe7 16. h3 Bb7 17. Kh2 Rec8 18. c5 axb4 19. axb4 bxc5 20. bxc5 dxc5 21. dxe5 Nxe5 22. Nxe5 Bxe5 23. Bxe5 Qxe5 24. f4 Qc7 25. Nxc5 Nd7 26. e5 Nxc5 27. Qxc5 Ba8 28. Ra7 Qb6 29. Qxb6 Rxb6 30. e6 fxe6 31. Rxe6 Bb7 32. Re7 Rb8 33. g4 Rb2 34. Kg3 h6 35. f5 Kf8 36. Rc7 Kg8 37. Be4 Rb4 38. Bg2 Rb2 39. Be4 Rb4 40. Bh1 Rb1 41. Bf3 Rb3 42. h4 Rb4 43. g5 hxg5 44. hxg5 Rb3 45. Kg4 Kf8 46. Bxc6 Bxc6 47. Rxc6 R3b7 48. Rc7 Rxc7 49. Rxc7 Ra8 50. Kf4 Re8 51. Rd7 Kg8 52. Kg4 Rb8 53. Kh5 Ra8 54. Kg6 Kh8 55. f6 gxf6 56. Rh7+ Kg8 57. gxf6 Ra6 58. Rb7 Ra8 59. Rg7+ 1-0

[Event "Besancon op"]
[Site "Besancon"]
[Date "2004.12.28"]
[Round "2"]
[White "Sermier, Alain"]
[Black "Denis, Bertrand"]
[Result "1-0"]
[WhiteElo "2162"]
[BlackElo "1893"]
[PlyCount "107"]
[EventDate "2004.12.27"]
[EventType "swiss"]
[EventRounds "7"]
[EventCountry "FRA"]
[SourceTitle "EXT 2006"]
[Source "ChessBase"]
[SourceDate "2005.11.24"]
[SourceVersion "1"]
[SourceVersionDate "2005.11.24"]
[SourceQuality "1"]

1. e4 c5 2. Nf3 e6 3. d4 cxd4 4. Nxd4 Nc6 5. Nxc6 bxc6 6. Bd3 d5 7. 0-0 Bc5 8. c4 d4 9. a3 a5 10. Qa4 Bb7 11. Nd2 e5 12. Nb3 Bb6 13. c5 Bc7 14. Bd2 Ne7 15. Nc1 0-0 16. Ne2 Qd7 17. Ng3 Ng6 18. Rfd1 Rfb8 19. Nf5 Nf8 20. Qc2 Ne6 21. g3 Ba6 22. b4 Bxd3 23. Qxd3 axb4 24. axb4 h6 25. h4 Bd8 26. Nd6 Bf6 27. Kg2 Qc7 28. Nc4 Kh7 29. Nb6 Ra7 30. Ra6 Be7 31. Rxa7 Qxa7 32. Nc4 Bf6 33. Na5 Qc7 34. Qa6 Nd8 35. Ra1 Qd7 36. Ra3 Bxh4 37. gxh4 Qg4+ 38. Rg3 Qxe4+ 39. Kg1 Qd5 40. Qa7 Rc8 41. Qe7 Qe6 42. Qxe6 Nxe6 43. Nc4 f6 44. Ra3 Rc7 45. Ra8 Kg6 46. Re8 Nf4 47. Bxf4 exf4 48. Re4 Kf5 49. Rxd4 g5 50. f3 h5 51. Nd6+ Ke5 52. Re4+ Kd5 53. Nc4 Rg7 54. Nb6# 1-0

[Event "FRA-chT2 0304"]
[Site "France"]
[Date "2004.04.04"]
[Round "11"]
[White "Sermier, Alain"]
[Black "Pucher, Olivier"]
[Result "1/2-1/2"]
[WhiteElo "2178"]
[BlackElo "2220"]
[PlyCount "38"]
[EventDate "2003.10.??"]
[EventType "team-tourn"]
[EventRounds "11"]
[EventCountry "FRA"]
[SourceTitle "EXT 2005"]
[Source "ChessBase"]
[SourceDate "2004.11.15"]
[SourceVersion "1"]
[SourceVersionDate "2004.11.15"]
[SourceQuality "1"]

1. e4 c5 2. Nf3 Nc6 3. d4 cxd4 4. Nxd4 Nf6 5. Nc3 e5 6. Ndb5 d6 7. Nd5 Nxd5 8. exd5 Ne7 9. c4 Ng6 10. Be2 a6 11. Nc3 Be7 12. 0-0 0-0 13. Kh1 Bg5 14. Bxg5 Qxg5 15. Ne4 Qd8 16. b4 f5 17. Nc3 Bd7 18. Qb3 Qf6 19. Rfc1 e4 1/2-1/2

[Event "FRA-chT2b 0304"]
[Site "France"]
[Date "2004.03.14"]
[Round "9"]
[White "Gautier, Serge"]
[Black "Sermier, Alain"]
[Result "1/2-1/2"]
[WhiteElo "2113"]
[BlackElo "2178"]
[PlyCount "72"]
[EventDate "2003.10.??"]
[EventType "team-tourn"]
[EventRounds "11"]
[EventCountry "FRA"]
[SourceTitle "EXT 2005"]
[Source "ChessBase"]
[SourceDate "2004.11.15"]
[SourceVersion "1"]
[SourceVersionDate "2004.11.15"]
[SourceQuality "1"]

1. e4 e5 2. d4 exd4 3. Nf3 Nc6 4. Nxd4 Bc5 5. Nxc6 bxc6 6. Bd3 d6 7. 0-0 Nf6 8. Nc3 0-0 9. Na4 Bb6 10. Nxb6 axb6 11. Bg5 Qe7 12. Qf3 Qe6 13. Rfe1 Ra5 14. Qg3 Nd7 15. Bd2 Rxa2 16. Rxa2 Qxa2 17. Bh6 g6 18. Bxf8 Nxf8 19. b3 Ba6 20. Bxa6 Qxa6 21. Qc3 c5 22. h3 Ne6 23. Qf6 Qc8 24. c3 Ng7 25. f4 Qe8 26. Kf2 h6 27. Re3 Kh7 28. g4 Qd7 29. Re1 Ne8 30. Qh4 Ng7 31. Qf6 Ne8 32. Qh4 Ng7 33. Kf3 Qb5 34. Qe7 Qxb3 35. Qxc7 Qxc3+ 36. Re3 Qc4 1/2-1/2

[Event "FRA Cup"]
[Site "Clichy"]
[Date "2004.??.??"]
[Round "4.3"]
[White "Degraeve, Jean Marc"]
[Black "Sermier, Alain"]
[Result "1-0"]
[WhiteElo "2556"]
[BlackElo "2178"]
[PlyCount "61"]
[EventDate "2004.05.23"]
[EventType "team-tourn"]
[EventRounds "5"]
[EventCountry "FRA"]
[SourceTitle "CBM 100 Extra"]
[Source "ChessBase"]
[SourceDate "2004.07.06"]
[SourceVersion "2"]
[SourceVersionDate "2004.07.06"]
[SourceQuality "1"]

1. e4 e5 2. Nf3 Nc6 3. Bc4 Bc5 4. c3 Qe7 5. 0-0 Nf6 6. d3 d6 7. Nbd2 a6 8. Bb3 0-0 9. Re1 h6 10. Nf1 Kh7 11. d4 Ba7 12. h3 g6 13. Ng3 Bd7 14. Be3 Na5 15. Bc2 Nc4 16. Bc1 Rae8 17. b3 Nb6 18. Qd2 Ng8 19. Ba3 f6 20. Rad1 Bc8 21. Nh2 Qg7 22. f4 Ne7 23. Kh1 Nc6 24. Rf1 Nd7 25. Bb2 Re7 26. Ng4 Ref7 27. f5 h5 28. Ne3 Nb6 29. Qe2 g5 30. Nxh5 Qh6 31. Ng4 1-0

[Event "FRA-chT2 0304"]
[Site "France"]
[Date "2003.11.15"]
[Round "2"]
[White "Julian, Stephane"]
[Black "Sermier, Alain"]
[Result "1-0"]
[WhiteElo "2159"]
[BlackElo "2178"]
[PlyCount "78"]
[EventDate "2003.10.??"]
[EventType "team-tourn"]
[EventRounds "11"]
[EventCountry "FRA"]
[SourceTitle "EXT 2005"]
[Source "ChessBase"]
[SourceDate "2004.11.15"]
[SourceVersion "1"]
[SourceVersionDate "2004.11.15"]
[SourceQuality "1"]
[WhiteTeam "Chalons en Champagne"]
[BlackTeam "Besancon TPG"]
[WhiteTeamCountry "FRA"]
[BlackTeamCountry "FRA"]

1. e4 e5 2. Nf3 Nc6 3. Bb5 a6 4. Ba4 d6 5. c3 Bd7 6. 0-0 Nge7 7. d4 Ng6 8. Re1 Be7 9. Nbd2 0-0 10. Nf1 Nh4 11. Nxh4 Bxh4 12. Ne3 Bg5 13. Bc2 Re8 14. a3 Rc8 15. Rb1 Bxe3 16. Bxe3 Qe7 17. b4 Nd8 18. dxe5 Qxe5 19. Qd2 Nc6 20. Bd3 Qe7 21. f4 Rcd8 22. Kh1 Nb8 23. Qc2 h6 24. Qf2 Bc6 25. Bd4 Nd7 26. Re3 Nf6 27. Rbe1 Kh8 28. h3 Nd7 29. Bb1 Qf8 30. Qh4 f6 31. Qh5 Re7 32. Qf5 Qg8 33. Qg6 Nf8 34. Qg3 Rde8 35. e5 fxe5 36. fxe5 d5 37. Bc5 Rf7 38. e6 Rf6 39. e7 Ne6 1-0

[Event "FRA-chT Poule Basse"]
[Site "France"]
[Date "2003.05.10"]
[Round "11.8"]
[White "Daurelle, Herve"]
[Black "Sermier, Alain"]
[Result "0-1"]
[WhiteElo "2270"]
[BlackElo "2157"]
[PlyCount "82"]
[EventDate "2003.05.07"]
[EventType "team-tourn"]
[EventRounds "4"]
[EventCountry "FRA"]
[SourceTitle "CBM 095"]
[Source "ChessBase"]
[SourceDate "2003.07.25"]
[SourceVersion "1"]
[SourceVersionDate "2003.07.25"]
[SourceQuality "1"]
[WhiteTeam "Noyon"]
[BlackTeam "Besancon"]
[WhiteTeamCountry "FRA"]
[BlackTeamCountry "FRA"]

1. e4 e5 2. Nf3 Nc6 3. Bb5 a6 4. Bxc6 bxc6 5. d4 exd4 6. Qxd4 Qf6 7. e5 Qg6 8. 0-0 Qxc2 9. Nc3 Ne7 10. Re1 Qg6 11. Bg5 Qe6 12. Ne4 Nf5 13. Qc3 Be7 14. Nf6+ Kf8 15. g4 h6 16. gxf5 Qxf5 17. Bh4 gxf6 18. exf6 Bd6 19. Re3 Rb8 20. Rae1 Bb7 21. Bg3 c5 22. Nh4 Qd5 23. f3 Rg8 24. Kf2 c4 25. Bxd6+ Qxd6 26. Qe5 Qxe5 27. Rxe5 Rg5 28. Rxg5 hxg5 29. Nf5 Bd5 30. Re2 Be6 31. Nd4 c5 32. Nxe6+ fxe6 33. Re5 Rxb2+ 34. Kg3 Kf7 35. Rxg5 d5 36. Rg7+ Kxf6 37. Rc7 Rb5 38. Kf4 c3 39. Ke3 c4 40. h4 Rb2 41. h5 Rh2 0-1

[Event "FRA-chT2 0304"]
[Site "France"]
[Date "2003.03.13"]
[Round "8"]
[White "Sermier, Alain"]
[Black "Didier, Quentin"]
[Result "1-0"]
[WhiteElo "2178"]
[BlackElo "2089"]
[PlyCount "97"]
[EventDate "2003.10.??"]
[EventType "team-tourn"]
[EventRounds "11"]
[EventCountry "FRA"]
[SourceTitle "EXT 2005"]
[Source "ChessBase"]
[SourceDate "2004.11.15"]
[SourceVersion "1"]
[SourceVersionDate "2004.11.15"]
[SourceQuality "1"]

1. e4 c5 2. Nf3 d6 3. d4 cxd4 4. Nxd4 Nf6 5. Nc3 a6 6. f3 e6 7. Be3 b5 8. Qd2 Qc7 9. g4 h6 10. 0-0-0 Nbd7 11. h4 b4 12. Nce2 d5 13. Bh3 e5 14. Nf5 d4 15. Bf2 Nc5 16. Kb1 Be6 17. Nc1 Rb8 18. Bg3 Ncxe4 19. fxe4 Nxe4 20. Qh2 Nc3+ 21. Ka1 Qa5 22. b3 Nxd1 23. Rxd1 f6 24. Qe2 Rb6 25. h5 Kf7 26. Bg2 Be7 27. Be4 Qc5 28. Be1 Rc8 29. Nd3 Qc7 30. Kb1 a5 31. Nb2 Rbb8 32. Bd3 Kf8 33. Bd2 Bd5 34. Re1 Bd6 35. Nc4 Bc5 36. Be4 Bf7 37. Nb2 Re8 38. Rf1 Rec8 39. Qf3 Be7 40. g5 hxg5 41. h6 gxh6 42. Nxh6 Qd6 43. Bxg5 Rc3 44. Nd3 Qe6 45. Nxf7 Qxf7 46. Bd2 a4 47. Rh1 Qg8 48. Bd5 Qg6 49. Bxc3 1-0

[Event "FRA-chT Gp-B"]
[Site "France"]
[Date "2003.02.01"]
[Round "2.6"]
[White "Goldgewicht, Lionel"]
[Black "Sermier, Alain"]
[Result "1/2-1/2"]
[WhiteElo "2362"]
[BlackElo "2157"]
[PlyCount "125"]
[EventDate "2003.01.31"]
[EventType "team-tourn"]
[EventRounds "7"]
[EventCountry "FRA"]
[SourceTitle "CBM 094"]
[Source "ChessBase"]
[SourceDate "2003.05.26"]
[SourceVersion "1"]
[SourceVersionDate "2003.05.26"]
[SourceQuality "1"]
[WhiteTeam "Cannes"]
[BlackTeam "Besancon"]
[WhiteTeamCountry "FRA"]
[BlackTeamCountry "FRA"]

1. e4 e5 2. Nf3 Nc6 3. d4 exd4 4. Nxd4 Bc5 5. Be3 Bb6 6. Nc3 Nf6 7. Be2 d6 8. f3 Qe7 9. Qd2 Nxd4 10. Bxd4 0-0 11. 0-0-0 Re8 12. g4 Bxd4 13. Qxd4 Qe5 14. Qd2 Qa5 15. g5 Nd7 16. Kb1 Nb6 17. h4 Bd7 18. h5 Na4 19. Nd5 Qxd2 20. Rxd2 Rac8 21. h6 Nb6 22. hxg7 Nxd5 23. exd5 Bf5 24. Bd3 Bxd3 25. cxd3 Kxg7 26. Rdh2 Rh8 27. f4 Rce8 28. Kc2 Re7 29. Kc3 f6 30. Rh6 fxg5 31. fxg5 Rhe8 32. Rxh7+ Kg6 33. Rxe7 Rxe7 34. Rh8 Kxg5 35. Ra8 a6 36. Ra7 b6 37. Rxa6 Kf5 38. Kd4 Re2 39. b3 Rc2 40. Ra4 Rh2 41. Ra7 Rh4+ 42. Kc3 Ke5 43. Rxc7 Kxd5 44. a4 Rh3 45. Rc4 Rg3 46. Rh4 Kc6 47. Rh5 Rg1 48. b4 Ra1 49. b5+ Kc7 50. Rh7+ Kc8 51. Kc4 Rxa4+ 52. Kd5 Ra3 53. d4 Ra4 54. Rh4 Kd7 55. Rh7+ Kc8 56. Kc6 Rc4+ 57. Kxd6 Rxd4+ 58. Kc6 Kb8 59. Rh6 Ka7 60. Rh7+ Ka8 61. Kxb6 Rd6+ 62. Kc7 Rg6 63. b6 1/2-1/2

[Event "FRA Cup 8eme"]
[Site "Clichy"]
[Date "2003.??.??"]
[Round "3.3"]
[White "Relange, Eloi"]
[Black "Sermier, Alain"]
[Result "1-0"]
[WhiteElo "2499"]
[BlackElo "2161"]
[PlyCount "133"]
[EventDate "2003.05.04"]
[EventType "team-tourn"]
[EventRounds "1"]
[EventCountry "FRA"]
[SourceTitle "EXT 2004"]
[Source "ChessBase"]
[SourceDate "2003.11.25"]
[SourceVersion "1"]
[SourceVersionDate "2003.11.25"]
[SourceQuality "1"]
[WhiteTeam "Clichy"]
[BlackTeam "Besancon"]
[WhiteTeamCountry "FRA"]
[BlackTeamCountry "FRA"]

1. d4 d5 2. c4 e6 3. Nf3 c6 4. Qc2 f5 5. g3 Nf6 6. Bg2 Bd6 7. 0-0 0-0 8. b3 Ne4 9. Ba3 Nd7 10. Bxd6 Nxd6 11. Nbd2 Qf6 12. e3 g5 13. Rab1 Ne4 14. b4 g4 15. Nh4 Nxd2 16. Qxd2 Nb6 17. c5 Nc4 18. Qc3 e5 19. dxe5 Qxe5 20. Qxe5 Nxe5 21. Rfd1 a6 22. Bf1 Be6 23. a4 Kg7 24. Be2 Ng6 25. Ng2 h5 26. Rd4 Kf6 27. h4 Rfe8 28. Rf1 Ne5 29. Nf4 Bf7 30. Rb1 Nd7 31. Rd2 Re7 32. Rc2 Ree8 33. Kf1 Re7 34. Ke1 Ree8 35. Kd2 Re7 36. Bd3 Ne5 37. Kc3 Rd8 38. Be2 Red7 39. Kd4 Nc4 40. Ra1 Re7 41. Kc3 Red7 42. Rd1 Ne5 43. Rcd2 Ra8 44. Kd4 Re7 45. Ra1 Nd7 46. Bd3 Ne5 47. Rdd1 Rd8 48. Kc3 Nd7 49. Ne2 Nf8 50. Nd4 Bg6 51. Bxa6 Ne6 52. Nxe6 Kxe6 53. Bf1 Ke5 54. Rd4 Rc7 55. a5 Ra8 56. Rdd1 Rcc8 57. a6 bxa6 58. Bxa6 Rc7 59. Ra5 Be8 60. Bf1 Rd8 61. Bg2 Rb8 62. b5 Rxb5 63. Rxb5 cxb5 64. Rxd5+ Ke6 65. Kd4 Rd7 66. Rxd7 Kxd7 67. Bd5 1-0

[Event "Clermont Ferrand op 20th"]
[Site "Clermont Ferrand"]
[Date "2000.??.??"]
[Round "3"]
[White "Ferrandi, Bernard"]
[Black "Sermier, Alain"]
[Result "0-1"]
[WhiteElo "2043"]
[BlackElo "2204"]
[PlyCount "38"]
[EventDate "2000.??.??"]
[EventType "swiss"]
[EventRounds "6"]
[EventCountry "FRA"]
[SourceTitle "EXT 2001"]
[Source "ChessBase"]
[SourceDate "2000.11.22"]
[SourceVersion "1"]
[SourceVersionDate "2000.11.22"]
[SourceQuality "1"]

1. e4 c5 2. Nf3 Nc6 3. d4 cxd4 4. Nxd4 g6 5. Be3 Nf6 6. Nc3 Bg7 7. f3 0-0 8. Qd2 d5 9. Nxc6 bxc6 10. 0-0-0 Qa5 11. Kb1 Rb8 12. Nxd5 Rxb2+ 13. Kc1 Qxa2 14. Nxe7+ Kh8 15. Qf2 Rb1+ 16. Kd2 Qa5+ 17. c3 Nxe4+ 18. fxe4 Qxc3+ 19. Ke2 Bg4+ 0-1

[Event "Clermont Ferrand op 20th"]
[Site "Clermont Ferrand"]
[Date "2000.??.??"]
[Round "5"]
[White "Large, Laurent"]
[Black "Sermier, Alain"]
[Result "1/2-1/2"]
[WhiteElo "2231"]
[BlackElo "2204"]
[PlyCount "79"]
[EventDate "2000.??.??"]
[EventType "swiss"]
[EventRounds "6"]
[EventCountry "FRA"]
[SourceTitle "EXT 2001"]
[Source "ChessBase"]
[SourceDate "2000.11.22"]
[SourceVersion "1"]
[SourceVersionDate "2000.11.22"]
[SourceQuality "1"]

1. d4 d5 2. Bg5 c6 3. e3 Qb6 4. Qc1 Bf5 5. Nf3 h6 6. Bh4 Nd7 7. Nbd2 Ngf6 8. Be2 e6 9. 0-0 Be7 10. c4 0-0 11. Ne5 Qd8 12. Nxd7 Nxd7 13. Bg3 Rc8 14. Qc3 Nf6 15. c5 Qd7 16. b4 a6 17. a4 Bg6 18. h3 Bd8 19. b5 axb5 20. axb5 Bc7 21. bxc6 bxc6 22. Ra7 Qd8 23. Bxc7 Rxc7 24. Rfa1 Ne4 25. Nxe4 Bxe4 26. Rxc7 Qxc7 27. Qa5 Qb8 28. Qb6 Qxb6 29. cxb6 Rb8 30. Ra6 Kf8 31. f3 Bg6 32. Kf2 Ke7 33. Kg3 Kd6 34. Kf4 f6 35. Ra7 Rxb6 36. Rxg7 Bb1 37. e4 Rb4 38. Ke3 Rb3+ 39. Kf4 Rb4 40. Ke3 1/2-1/2

[Event "Clermont Ferrand op 20th"]
[Site "Clermont Ferrand"]
[Date "2000.??.??"]
[Round "6"]
[White "Sermier, Alain"]
[Black "Saucey, Michel"]
[Result "1-0"]
[WhiteElo "2204"]
[BlackElo "2319"]
[PlyCount "93"]
[EventDate "2000.??.??"]
[EventType "swiss"]
[EventRounds "6"]
[EventCountry "FRA"]
[SourceTitle "EXT 2001"]
[Source "ChessBase"]
[SourceDate "2000.11.22"]
[SourceVersion "1"]
[SourceVersionDate "2000.11.22"]
[SourceQuality "1"]

1. e4 c5 2. Nf3 Nc6 3. d4 cxd4 4. Nxd4 g6 5. c4 Bg7 6. Be3 Nf6 7. Nc3 Ng4 8. Qxg4 Nxd4 9. Qd1 Ne6 10. Qd2 Qa5 11. Rc1 b6 12. Be2 Bb7 13. f3 g5 14. 0-0 h5 15. Rfd1 d6 16. a3 h4 17. b4 Qxa3 18. Nb5 Qb2 19. Rc2 Qe5 20. c5 0-0 21. cxb6 axb6 22. Nc7 Rac8 23. Nxe6 Qxe6 24. Rxc8 Rxc8 25. Bxg5 h3 26. gxh3 f5 27. exf5 Qxf5 28. Bxe7 Kh8 29. Qg5 Qxh3 30. Qh4+ Qxh4 31. Bxh4 Rc2 32. Kf1 d5 33. Bf2 Bf8 34. Bxb6 Bd6 35. Bd4+ Kg8 36. b5 Bc8 37. Kf2 Bd7 38. Rb1 Bf5 39. Rb3 Bxh2 40. b6 Bb8 41. b7 Kf7 42. Ke3 Rc7 43. f4 Re7+ 44. Be5 Be6 45. Kd4 Ba7+ 46. Kd3 d4 47. Bh5+ 1-0

[Event "Besancon sim2"]
[Site "Besancon"]
[Date "1999.08.23"]
[Round "?"]
[White "Kasparov, Garry"]
[Black "Sermier, Alain"]
[Result "1-0"]
[WhiteElo "2812"]
[BlackElo "2175"]
[PlyCount "89"]
[EventDate "1999.08.23"]
[EventType "simul"]
[EventRounds "1"]
[EventCountry "FRA"]
[SourceTitle "EXT 2000"]
[Source "ChessBase"]
[SourceDate "1999.11.16"]
[SourceVersion "1"]
[SourceVersionDate "1999.11.16"]
[SourceQuality "1"]

1. d4 d5 2. c4 c6 3. Nf3 e6 4. Nbd2 f5 5. g3 Nf6 6. Bg2 Bd6 7. 0-0 0-0 8. Ne5 Nbd7 9. Ndf3 Ne4 10. Bf4 Nxe5 11. Bxe5 Qe7 12. Qc2 Rd8 13. c5 Bxe5 14. Nxe5 Ng5 15. Nd3 Qf6 16. e3 Bd7 17. b4 Nf7 18. f4 Be8 19. a4 a6 20. Qc3 h6 21. Bf3 Kh7 22. Rf2 Nh8 23. h4 Qe7 24. h5 Bd7 25. Rg2 Rg8 26. Kf2 Nf7 27. Ke2 Qd8 28. Kd2 Qc7 29. g4 a5 30. g5 hxg5 31. fxg5 axb4 32. Qxb4 Kh8 33. Be2 Ra5 34. g6 Nh6 35. Qb6 Qxb6 36. cxb6 Rga8 37. Nc5 Bc8 38. Kc3 Rb8 39. Kb4 Raa8 40. a5 Kg8 41. Kc3 Kf8 42. Bf3 Ke7 43. Rf2 Bd7 44. a6 bxa6 45. b7 1-0